Wild discoveries : (Record no. 7997)
[ view plain ]
| 000 -LEADER | |
|---|---|
| fixed length control field | 01050nam a22002897a 4500 |
| 001 - CONTROL NUMBER | |
| control field | 7997 |
| 003 - CONTROL NUMBER IDENTIFIER | |
| control field | FISKH |
| 005 - DATE AND TIME OF LATEST TRANSACTION | |
| control field | 20250818121722.0 |
| 008 - FIXED-LENGTH DATA ELEMENTS--GENERAL INFORMATION | |
| fixed length control field | 250818b cb ||||| |||| 00| 0 eng d |
| 020 ## - INTERNATIONAL STANDARD BOOK NUMBER | |
| International Standard Book Number | 9780545477673 |
| 040 ## - CATALOGING SOURCE | |
| Original cataloging agency | FISKH |
| Language of cataloging | eng |
| Transcribing agency | FISKH |
| Modifying agency | FISKH |
| 050 ## - LIBRARY OF CONGRESS CALL NUMBER | |
| Classification number | QH408.M66 |
| 082 ## - DEWEY DECIMAL CLASSIFICATION NUMBER | |
| Classification number | 590 |
| 100 ## - MAIN ENTRY--PERSONAL NAME | |
| Personal name | Montgomery, Heather L. |
| 245 ## - TITLE STATEMENT | |
| Title | Wild discoveries : |
| Remainder of title | Wacky new animals / |
| Statement of responsibility, etc. | By Heather L. Montgomery |
| 250 ## - EDITION STATEMENT | |
| Edition statement | First Scholastic printing, January 2013 |
| 260 ## - PUBLICATION, DISTRIBUTION, ETC. | |
| Place of publication, distribution, etc. | New York : |
| Name of publisher, distributor, etc. | Scholasic , |
| Date of publication, distribution, etc. | 2013. |
| 300 ## - PHYSICAL DESCRIPTION | |
| Extent | 64 pages : |
| Other physical details | color illustrations ; |
| Dimensions | 26 cm . |
| 505 ## - FORMATTED CONTENTS NOTE | |
| Formatted contents note | U <br/> |
| 520 ## - SUMMARY, ETC. | |
| Summary, etc. | Presents some of the newly discovered species of animals from around the world, including the giant velvet worm, the psychedelic frogfish, the wattled smoky honeyeater, and the Burmese snub-nosed monkey. |
| 521 8# - TARGET AUDIENCE NOTE | |
| Target audience note | 840 <br/> |
| Source | Lexile IG <br/> |
| 521 8# - TARGET AUDIENCE NOTE | |
| Target audience note | U <br/> |
| Source | Raz-Plus <br/> |
| 650 ## - SUBJECT ADDED ENTRY--TOPICAL TERM | |
| Topical term or geographic name entry element | Weird Creatures |
| Form subdivision | Children's non-fiction |
| 700 ## - ADDED ENTRY--PERSONAL NAME | |
| Personal name | Gottlieb, Alan |
| Relator term | Photo reasearcher |
| 942 ## - ADDED ENTRY ELEMENTS (KOHA) | |
| Source of classification or shelving scheme | Dewey Decimal Classification |
| Koha item type | Books |
| Suppress in OPAC | No |
| Withdrawn status | Lost status | Source of classification or shelving scheme | Damaged status | Not for loan | Collection | Home library | Current library | Shelving location | Date acquired | Total Checkouts | Full call number | Barcode | Date last seen | Price effective from | Koha item type |
|---|---|---|---|---|---|---|---|---|---|---|---|---|---|---|---|
| Dewey Decimal Classification | Non-Fiction | Footprints International School Library Network Toul Tom Poung Campus | Footprints International School Library Network Toul Tom Poung Campus | TTP Secondary Non-Fiction Bookshelves | 08/18/2025 | MON 590 QH408.M66 | FISSE01433 | 08/18/2025 | 08/18/2025 | Books |
